Nghiên cứu khả năng chịu tải của nguồn nước tiếp nhận nước thải từ các khu công nghiệp có phân khu dệt nhuộm trên địa bàn tỉnh Tây Ninh : Luận văn Thạc sĩ - Chuyên ngành : Quản lý Tài nguyên & Môi trường

Zapisane w:
Opis bibliograficzny
1. autor: Hà, Thị Thanh An
Format: Luận văn
Język:Undetermined
Wydane: Trường Đại học Công Nghiệp Tp. Hồ Chí Minh 2018
Hasła przedmiotowe:
Etykiety: Dodaj etykietę
Nie ma etykietki, Dołącz pierwszą etykiete!
Thư viện lưu trữ: Trung tâm Thư viện - Trường Đại học Công nghiệp TP. Hồ Chí Minh
LEADER 00844nam a2200157Ia 4500
001 UIH_01449
008 230809s9999 xx 000 0 und d
082 |a 628 
100 |a Hà, Thị Thanh An 
245 0 |a Nghiên cứu khả năng chịu tải của nguồn nước tiếp nhận nước thải từ các khu công nghiệp có phân khu dệt nhuộm trên địa bàn tỉnh Tây Ninh : Luận văn Thạc sĩ - Chuyên ngành : Quản lý Tài nguyên & Môi trường 
245 0 |c Hà, Thị Thanh An 
260 |b Trường Đại học Công Nghiệp Tp. Hồ Chí Minh 
260 |c 2018 
650 |a Quản lý môi trường;Xử lý nước thải 
927 |a Luận văn 
980 |a Trung tâm Thư viện - Trường Đại học Công nghiệp TP. Hồ Chí Minh